header

Engineering ethics / (Record no. 265582)

MARC details
000 -LEADER
fixed length control field 01285cam a22003614a 4500
001 - CONTROL NUMBER
control field 13120531
003 - CONTROL NUMBER IDENTIFIER
control field OSt
005 - DATE AND TIME OF LATEST TRANSACTION
control field 20260106121355.0
008 - FIXED-LENGTH DATA ELEMENTS--GENERAL INFORMATION
fixed length control field 030312s2004 njua b 001 0 eng
010 ## - LIBRARY OF CONGRESS CONTROL NUMBER
LC control number
020 ## - INTERNATIONAL STANDARD BOOK NUMBER
International Standard Book Number 0137842244
International Standard Book Number 9780137842247
035 ## - SYSTEM CONTROL NUMBER
System control number 13120531
040 ## - CATALOGING SOURCE
Original cataloging agency DLC
Transcribing agency DLC
Modifying agency DLC
042 ## - AUTHENTICATION CODE
Authentication code pcc
050 00 - LIBRARY OF CONGRESS CALL NUMBER
Classification number TA157
Item number .F525 1999
082 00 - DEWEY DECIMAL CLASSIFICATION NUMBER
Classification number 174/.962
Edition number 21
100 1# - MAIN ENTRY--PERSONAL NAME
Personal name Fleddermann, Charles B.
Fuller form of name (Charles Byrns),
Dates associated with a name 1956-
245 10 - TITLE STATEMENT
Title Engineering ethics /
Statement of responsibility, etc Charles B. Fleddermann.
260 ## - PUBLICATION, DISTRIBUTION, ETC. (IMPRINT)
Place of publication, distribution, etc Upper Saddle River, N.J. :
Name of publisher, distributor, etc Prentice-Hall Inc.
Date of publication, distribution, etc 1999
300 ## - PHYSICAL DESCRIPTION
Extent xv, 135 p. :
Other physical details ill. ;
Dimensions 26 cm.
336 ## - CONTENT TYPE
Content type term text
Content type code txt
Source rdacontent
337 ## - MEDIA TYPE
Media type term unmediated
Media type code n
Source rdamedia
338 ## - CARRIER TYPE
Carrier type term volume
Carrier type code nc
Source rdacarrier
490 1# - SERIES STATEMENT
Series statement The Prentice Hall engineering source
504 ## - BIBLIOGRAPHY, ETC. NOTE
Bibliography, etc Includes bibliographical references and index.
650 #0 - SUBJECT ADDED ENTRY--TOPICAL TERM
Topical term or geographic name as entry element Engineering ethics.
830 #0 - SERIES ADDED ENTRY--UNIFORM TITLE
Uniform title ESource--the Prentice Hall engineering source
906 ## - LOCAL DATA ELEMENT F, LDF (RLIN)
a 7
b cbc
c orignew
d 1
e ocip
f 20
g y-gencatlg
942 ## - ADDED ENTRY ELEMENTS (KOHA)
Source of classification or shelving scheme Library of Congress Classification
Koha item type Long Loan Books
Holdings
Withdrawn status Lost status Source of classification or shelving scheme Damaged status Not for loan Collection code Home library Current library Shelving location Date acquired Source of acquisition Total Checkouts Full call number Barcode Date last seen Price effective from Koha item type
    Library of Congress Classification     Non-fiction Rongo University Library Rongo University Library General Stacks 06/01/2026 Books for Africa, Donation   TA157 .F525 1999 20260509 06/01/2026 06/01/2026 Long Loan Books

© 2026 Rongo University
Contact us: librarian | system librarian | Rongo university